| 000 | 01138cam a2200313 i 4500 | ||
|---|---|---|---|
| 001 | 192053 | ||
| 003 | ES-MaACL | ||
| 005 | 20250831073818.0 | ||
| 008 | 221102s2009 sp | |||| 000 0 spa | ||
| 017 |
_aM 30599-2009 _bOficina Depósito Legal Madrid |
||
| 020 | _a9788428535120 | ||
| 040 | _cES-MaACL | ||
| 080 | _a241.513(044.6) | ||
| 110 | 2 |
_aIglesia Católica. _bPapa (2005-2013: Benedicto XVI) _9144663 |
|
| 245 | 1 | 0 |
_aCaritas in veritate = _bLa caridad en la verdad / _cBenedictum PP XVI. |
| 246 |
_aLa caridad en la verdad : _b[tercera carta encíclica de S.S. Benedicto XVI] |
||
| 260 |
_aMadrid : _bSan Pablo, _c[2009] |
||
| 300 |
_a160 páginas ; _c18 cm. |
||
| 500 | _aÍndice | ||
| 650 | 7 |
_aCaridad _2embne _910780 |
|
| 655 | 7 |
_2tgfbne _9226879 _aEncíclicas |
|
| 700 | 0 |
_aBenedicto _bXVI, _cPapa _eaut _9234934 |
|
| 740 | 3 | 2 | _aLa caridad en la verdad. |
| 852 | 4 |
_aES-MaACL _jN-8085 _9199335 _bR. 152395 _cDEPOJ _hDonación: José Lázaro García |
|
| 903 |
_9234219 _aLázaro García, José _ednr |
||
| 942 |
_cMONOGRAFIA _n0 |
||
| 999 |
_c192053 _d192053 |
||